Modern production of metal materials and its ecological and economic aspects

Korporativní autor: Vysoká škola báňská - Technická univerzita Ostrava. Materiálově-technologická fakulta
Jazyk: Angličtina
Vydáno: Ostrava : VŠB - Technical University of Ostrava, Faculty of Materials Science and Technology, 2018
Vydání: First edition
Témata:
Fyzický popis: 228 stran : ilustrace (převážně barevné) ; 23 cm
Knihy
Uloženo v:
LEADER 02397nam a2200601 i 4500
001 nkc20183048276
003 CZ PrNK
005 20190408085124.0
007 ta
008 181030s2018 xr a f 000 0 eng
015 |a cnb003048276 
020 |a 978-80-248-4204-2  |q (brožováno) :  |c neprodejné 
035 |a (OCoLC)1096295353 
040 |a BOA001  |b cze  |d OLA001  |d ABA001  |e rda 
072 7 |a 669  |x Metalurgie  |2 Konspekt  |9 19 
080 |a 669.018  |2 MRF 
080 |a 669  |2 MRF 
080 |a 669.146  |2 MRF 
080 |a 502.17:338.45  |2 MRF 
080 |a 338.3  |2 MRF 
080 |a 628.477.6  |2 MRF 
080 |a (048.8:082)  |2 MRF 
245 0 0 |a Modern production of metal materials and its ecological and economic aspects 
250 |a First edition 
264 1 |a Ostrava :  |b VŠB - Technical University of Ostrava, Faculty of Materials Science and Technology,  |c 2018 
300 |a 228 stran :  |b ilustrace (převážně barevné) ;  |c 23 cm 
336 |a text  |b txt  |2 rdacontent 
337 |a bez média  |b n  |2 rdamedia 
338 |a svazek  |b nc  |2 rdacarrier 
500 |a Nad názvem: VŠB - Technical University of Ostrava, Faculty of Materials Science and Technology 
500 |a 120 výtisků 
504 |a Obsahuje bibliografické odkazy 
650 0 7 |a kovové materiály  |7 ph121911  |2 czenas 
650 0 7 |a zpracování kovů  |7 ph135518  |2 czenas 
650 0 7 |a zpracování oceli  |7 ph165976  |2 czenas 
650 0 7 |a průmyslová ekologie  |7 ph581456  |2 czenas 
650 0 7 |a ekonomika výroby  |7 ph303228  |2 czenas 
650 0 7 |a recyklace odpadu  |7 ph125049  |2 czenas 
650 0 9 |a metal materials  |2 eczenas 
650 0 9 |a metal processing  |2 eczenas 
650 0 9 |a steel processing  |2 eczenas 
650 0 9 |a industrial ecology  |2 eczenas 
650 0 9 |a production economics  |2 eczenas 
650 0 9 |a waste recycling  |2 eczenas 
655 7 |a kolektivní monografie  |7 fd501537  |2 czenas 
655 9 |a collective monographs  |2 eczenas 
710 2 |a Vysoká škola báňská - Technická univerzita Ostrava.  |b Materiálově-technologická fakulta  |7 mzk20191021637  |4 isb 
910 2 |a BOA001  |b 2-1422.011 
928 9 |a Vysoká škola báňská - Technická univerzita Ostrava, Fakulta materiálově-technologická, Katedra metalurgie a slévárenství 
990 |a BK 
995 |a 01 
991 |b 201901  |c NOV 
996 6 |b 2610767991  |c 2-1422.011  |l MZK  |r Sklad / do 1 hodiny  |n 0  |p p.v.  |w 001703046  |u 000010  |a 1  |e BOA001  |j MZK50  |s P